| 000 | 00334nam a2200121Ia 4500 | ||
|---|---|---|---|
| 008 | 220120s9999||||xx |||||||||||||| ||und|| | ||
| 082 | _a823 DEN | ||
| 100 |
_aDenenberg, Barry _911885 |
||
| 245 | 0 | _aWhen will this cruel war be over? | |
| 260 |
_aScholastic INC _bNew York |
||
| 300 |
_aXVII,802p. _b0 |
||
| 650 |
_aSIGNAL PROCESSING _9719 |
||
| 999 |
_c137492 _d137492 |
||